Instrumentation for Future Parallel Computing Systems

Salvato in:
Dettagli Bibliografici
Altri autori: Simmons, Margaret
Natura: Libro
Lingua:inglese
Pubblicazione: Redwood City Addison-Wesley Pub. Co. 1989
Edizione:1. ed.
Tags: Aggiungi Tag
Nessun Tag, puoi essere il primo ad aggiungerne!!

MARC

LEADER 00000nam a2200000 4500
001 c040946
005 20221215113946.4
041 0 |a eng 
044 |a US 
245 1 0 |a Instrumentation for Future Parallel Computing Systems  |c Red. Margaret Simmons 
250 |a 1. ed. 
264 1 |a Redwood City  |b Addison-Wesley Pub. Co.  |c 1989 
300 |a 260 s. 
700 1 |a Simmons, Margaret